Maakuntatunnukset - jättitrivia - Statistics

Yleistilastot
  • Tätä visaa on pelattu 88 kertaa
  • Keskiarvotulos 44 / 129
Vastaustilastot
% Oikein
Pohjois-Karjala eläin karhu
89%
Ahvenanmaa kala hauki
86%
Pohjanmaa | Pohjois-Savo eläin hirvi
84%
Varsinais-Suomi kivi punainen graniitti
78%
Etelä-Karjala järvi Saimaa
78%
Pohjanmaa kivi Vaasan graniitti
78%
Etelä-Karjala | Pohjois-Karjala kala järvilohi
73%
Lappi kala lohi
73%
Päijät-Häme järvi Päijänne
70%
Lappi eläin poro
70%
Kanta-Häme eläin ilves
62%
Kymenlaakso | Uusimaa kala kuha
62%
Pirkanmaa eläin valkohäntäpeura
62%
Varsinais-Suomi eläin kettu
59%
Ahvenanmaa lintu merikotka
59%
Keski-Suomi lintu metso
59%
Etelä-Pohjanmaa järvi Lappajärvi
57%
Etelä-Pohjanmaa | Keski-Pohjanmaa | Pohjanmaa | Pohjois-Pohjanmaa kala siika
57%
Ahvenanmaa eläin metsäkauris
54%
Etelä-Savo | Pohjois-Savo kala muikku
54%
Kainuu laulu Nälkämaan laulu
54%
Kainuu järvi Oulujärvi
54%
Pohjois-Pohjanmaa | Satakunta | Varsinais-Suomi järvi Pyhäjärvi
54%
Pohjois-Pohjanmaa eläin kärppä
51%
Varsinais-Suomi kala silakka
51%
Keski-Suomi kala järvitaimen
49%
Kanta-Häme | Päijät-Häme kala lahna
46%
Keski-Suomi eläin metsäjänis
46%
Etelä-Pohjanmaa eläin orava
46%
Pohjois-Pohjanmaa lintu kurki
41%
Pohjois-Karjala järvi Pielinen
41%
Pohjanmaa lintu tervapääsky
38%
Keski-Pohjanmaa kivi gneissi
35%
Lappi järvi Inarijärvi
35%
Keski-Suomi järvi Keitele
35%
Uusimaa lintu mustarastas
35%
Satakunta laulu Satakunnan laulu
35%
Kymenlaakso eläin saukko
35%
Varsinais-Suomi kasvi tammi
35%
Uusimaa kasvi valkovuokko
35%
Pirkanmaa lintu västäräkki
35%
Etelä-Pohjanmaa lintu isokuovi
32%
Etelä-Karjala | Pohjois-Karjala laulu Karjalaisten laulu
32%
Lappi kivi kulta
32%
Kymenlaakso lintu punatulkku
32%
Uusimaa eläin siili
32%
Kanta-Häme järvi Vanajavesi
32%
Satakunta eläin euroopanmajava
30%
Pohjois-Karjala lintu käki
30%
Kainuu kasvi kanerva
27%
Pohjois-Savo kasvi kotipihlaja
27%
Kainuu lintu kuukkeli
27%
Pirkanmaa järvi Längelmävesi
27%
Keski-Pohjanmaa järvi Lestijärvi
27%
Etelä-Savo kasvi pohjanlumme
27%
Etelä-Karjala lintu satakieli
27%
Satakunta lintu sinitiainen
27%
Etelä-Pohjanmaa | Pohjanmaa laulu Vaasan marssi
27%
Päijät-Häme lintu valkoselkätikka
27%
Kanta-Häme laulu Hämäläisten laulu
24%
Pohjois-Karjala kasvi karjalanruusu
24%
Etelä-Savo lintu kuhankeittäjä
24%
Pohjois-Savo lintu kuikka
24%
Kainuu kala kuore
24%
Etelä-Pohjanmaa kasvi maitohorsma
24%
Varsinais-Suomi lintu naakka
24%
Keski-Suomi kasvi päivänkakkara
24%
Pohjois-Pohjanmaa kasvi suopursu
24%
Pirkanmaa kasvi tuomi
24%
Kymenlaakso kasvi keltakurjenmiekka
22%
Keski-Suomi laulu Keski-Suomen kotiseutulaulu
22%
Keski-Pohjanmaa lintu kiuru
22%
Lappi kasvi kullero
22%
Satakunta kala nahkiainen
22%
Etelä-Savo järvi puula
22%
Kymenlaakso kasvi tervaleppä
22%
Pirkanmaa kala toutain
22%
Uusimaa järvi Tuusulanjärvi
22%
Uusimaa laulu Uusmaalaisten laulu
22%
Pirkanmaa laulu Kesäpäivä Kangasalla
19%
Ahvenanmaa kasvi kevätesikko
19%
Kanta-Häme kivi kirjomaasälpä
19%
Keski-Pohjanmaa kasvi kissankello
19%
Kymenlaakso laulu Kymenlaakson laulu
19%
Pirkanmaa kivi pallokivi
19%
Kymenlaakso kivi rapakivi
19%
Etelä-Savo | Pohjois-Savo laulu Savolaisen laulu
19%
Lappi lintu sinirinta
19%
Varsinais-Suomi laulu Varsinaissuomalaisten laulu
19%
Kymenlaakso järvi Vuohijärvi
19%
Kanta-Häme kasvi hämeenkylmänkukka
16%
Kanta-Häme lintu kalasääski
16%
Keski-Pohjanmaa laulu Keski-Pohjanmaan laulu
16%
Lappi | Pohjois-Pohjanmaa laulu Kymmenen virran maa
16%
Pohjois-Pohjanmaa kivi liuske
16%
Etelä-Karjala kivi spektroliitti
16%
Ahvenanmaa kivi eloperäinen kalkkikivi
14%
Pohjois-Savo järvi Juojärvi
14%
Etelä-Karjala kasvi kangasvuokko
14%
Pohjanmaa järvi Luodonjärvi
14%
Pohjanmaa kasvi mesiangervo
14%
Ahvenanmaa järvi Östra och Västra Kyrksundet
14%
Satakunta kasvi tyrni
14%
Päijät-Häme laulu Vihreiden harjujen maa
14%
Satakunta kivi hiekkakivi
11%
Etelä-Pohjanmaa kivi kärnäiitti
11%
Etelä-Savo kivi marmori
11%
Pohjois-Karjala kivi vuolukivi
11%
Päijät-Häme kivi diabaasi
8%
Keski-Suomi kivi dioriitti
8%
Päijät-Häme kasvi ruiskaunokki
8%
Uusimaa kivi sarvivälke
8%
Kainuu kivi vihreäkivi
8%
Ahvenanmaa laulu Ålänningens sång
5%
Pohjois-Savo kivi apatiitti
5%
Ehtoja vastaavia visoja ei löytynyt
Tulosjakauma
Jokaisen tuloksen saaneiden osuus
Persentiili vastausten määrän mukaan
Tuloshistoriasi
Et ole pelannut tätä visaa